Loading...
| Science - Physics | 0 | 2 | 0 | 0 | 20 | 74 | 79.50 | 0 | 0 | 4.40 | 8.33 |
| Literature - World | 0 | 2 | 0 | 0 | 20 | 67 | 72.00 | 0 | 0 | 5.49 | 7.69 |
| Science - Chemistry | 0 | 1 | 0 | 0 | 10 | 66 | 66.00 | 0 | 0 | 2.83 | 3.21 |
| Literature - British | 0 | 1 | 0 | 0 | 10 | 108 | 108.00 | 0 | 0 | 0.44 | 1.92 |
| History - World | 0 | 1 | 0 | 1 | 10 | 107 | 107.00 | 0 | 0 | 0.00 | 0.69 |
| History - American | 0 | 1 | 0 | 1 | 10 | 110 | 110.00 | 0 | 0 | 0.00 | 0.64 |
| Popular Culture | 0 | 1 | 0 | 0 | 10 | 15 | 15.00 | 1 | 1 | 12.41 | 14.29 |
| Social Science | 0 | 0 | 0 | 0 | 0 | 0.00 | 0 | 0 | 0.00 | 0.00 | |
| Literature - European | 0 | 0 | 0 | 0 | 0 | 0.00 | 0 | 0 | 0.00 | 0.00 | |
| Fine Arts - Classical Music | 0 | 0 | 1 | 0 | -5 | 0.00 | 0 | 0 | 0.00 | 0.00 | |
| Literature - American | 0 | 0 | 1 | 0 | -5 | 0.00 | 0 | 0 | 0.00 | 0.00 | |
| Philosophy | 0 | 0 | 1 | 0 | -5 | 0.00 | 0 | 0 | 0.00 | 0.00 | |
| Science - Biology | 0 | 0 | 1 | 0 | -5 | 0.00 | 0 | 0 | 0.00 | 0.00 | |
| Mythology | 0 | 0 | 2 | 0 | -10 | 0.00 | 0 | 0 | 0.00 | 0.00 |